zpět

Detail výsledku týmu

Pivovar Prokopák, Praha

Datum a čas kvízu

37.5 Celkem bodů Celkový počet nahraných bodů na tomto kvízu bez doplňovacích otázek.
2. Pořadí na kvízu Konečné umístění týmu na tomto kvízu.

Zaznamenané odpovědi

# Otázka Odpověď Body Výsledky
1. Jak se nazývá státní vyznamená... Řád Tomáše Garrigua Masaryka (1. třídy) 1
2. Farmáři z australského Nového... borůvka 1
3. Jak se nazývá soutěžní reality... Peče celá země 1
4. Některé provozovny jistého řet... McDonald's 1
5. Český útočník Patrik Schick se... Karabach 1
6. Téma začneme v Evropě. Seřaďte... 1D 2B 3A 4C 1
7. V souvislosti s Che Guevarou s... v Argentině 0
8. Které z těchto zvířat nežije p... A 1
9. Kolik ostrovních států se nach... jeden 0
10. Jak se jmenuje ostrovní stát,... Tonga 1